| 000 | 00714nam a2200217 i 4500 | ||
|---|---|---|---|
| 001 | 17412 | ||
| 003 | ES-MaACL | ||
| 005 | 20230906151557.0 | ||
| 007 | t| | ||
| 008 | 010302s2000 sp ||||1| spa d | ||
| 020 | _a84-7731-337-7 | ||
| 080 | _a821.134.2-4"19" | ||
| 100 | 1 |
_aFerreras, Juan Ignacio. _950525 |
|
| 245 | 1 | 3 |
_aLa gran parodia _b: reflexiones críticas sobre la estructura paródica de nuestro mundo / _cJuan Ignacio Ferreras. |
| 260 |
_aMadrid : _bEndymion, _c[2000] |
||
| 300 |
_a243 p. ; _c21 cm. |
||
| 490 | 1 |
_aColección de ensayo ; _v127 |
|
| 830 | 0 |
_aColección de ensayo ; _v127 _9186602 |
|
| 852 |
_aES-MaACL _jL-24406 _bR.129443 _q. - Ded. autógr. del autor |
||
| 999 |
_c17412 _d17412 |
||